Соотношение прав на земельный участок и на добычу полезных ископаемых по законодательству России и Великобритании; Проблемы геологии и освоения недр; Т. 2

Opis bibliograficzny
Parent link:Проблемы геологии и освоения недр: труды XXI Международного симпозиума имени академика М. А. Усова студентов и молодых ученых, посвященного 130-летию со дня рождения профессора М. И. Кучина, Томск, 3-7 апреля 2017 г./ Национальный исследовательский Томский политехнический университет (ТПУ), Институт природных ресурсов (ИПР) ; под ред. А. С. Боева.— , 2017
Т. 2.— 2017.— [С. 889-890]
1. autor: Семякина А. В.
Korporacja: Томский государственный университет (ТГУ)
Kolejni autorzy: Болтанова Е. С. (научный руководитель)
Streszczenie:Заглавие с экрана
Język:rosyjski
Wydane: 2017
Seria:Экономика минерального и углеводородного сырья. Природоресурсное право
Hasła przedmiotowe:
Dostęp online:http://earchive.tpu.ru/handle/11683/45006
Format: MixedMaterials Elektroniczne Rozdział
KOHA link:https://koha.lib.tpu.ru/cgi-bin/koha/opac-detail.pl?biblionumber=625265

MARC

LEADER 00000naa2a2200000 4500
001 625265
005 20231101133344.0
035 |a (RuTPU)RU\TPU\conf\24525 
035 |a RU\TPU\conf\24524 
090 |a 625265 
100 |a 20171208d2017 k y0rusy50 ca 
101 0 |a rus 
102 |a RU 
105 |a y z 100zy 
135 |a drgn ---uucaa 
181 0 |a i  
182 0 |a b 
200 1 |a Соотношение прав на земельный участок и на добычу полезных ископаемых по законодательству России и Великобритании  |f А. В. Семякина  |g науч. рук. Е. С. Болтанова 
203 |a Текст  |c электронный 
225 1 |a Экономика минерального и углеводородного сырья. Природоресурсное право 
230 |a 1 компьютерный файл (pdf; 357 Kb) 
300 |a Заглавие с экрана 
320 |a [Библиогр.: с. 890 (5 назв.)] 
461 1 |0 (RuTPU)RU\TPU\conf\21932  |t Проблемы геологии и освоения недр  |o труды XXI Международного симпозиума имени академика М. А. Усова студентов и молодых ученых, посвященного 130-летию со дня рождения профессора М. И. Кучина, Томск, 3-7 апреля 2017 г.  |o в 2 т.  |f Национальный исследовательский Томский политехнический университет (ТПУ), Институт природных ресурсов (ИПР) ; под ред. А. С. Боева  |d 2017 
463 1 |0 (RuTPU)RU\TPU\conf\21938  |t Т. 2  |v [С. 889-890]  |d 2017 
610 1 |a электронный ресурс 
610 1 |a права 
610 1 |a земельные участки 
610 1 |a добыча 
610 1 |a полезные ископаемые 
610 1 |a законодательство 
610 1 |a Россия 
610 1 |a Великобритания 
610 1 |a недропользование 
700 1 |a Семякина  |b А. В. 
702 1 |a Болтанова  |b Е. С.  |4 727 
712 0 2 |a Томский государственный университет (ТГУ)  |2 stltpush  |3 (RuTPU)RU\TPU\col\397 
801 2 |a RU  |b 63413507  |c 20171212  |g RCR 
856 4 |u http://earchive.tpu.ru/handle/11683/45006 
942 |c BK